| 000 | 00567nam a22001937a 4500 | ||
|---|---|---|---|
| 999 |
_c16675 _d16675 |
||
| 008 | 180220b xxu||||| |||| 00| 0 eng d | ||
| 020 | _a0415837248 | ||
| 040 |
_aKABU _cKABU |
||
| 050 |
_aG155 _b.E93 2015 c. 1 |
||
| 100 | _aEvans, Nigel | ||
| 245 |
_aStrategic management for tourism, hospitality and events _cNigel Evans |
||
| 250 | _a2nd ed. | ||
| 260 |
_aLondon _bRoutledge _c2015 |
||
| 300 | _axx, 708 p. | ||
| 650 |
_aTourism _xManagement |
||
| 650 |
_aHospitality industry _xManagement |
||
| 650 | _aStrategic planning | ||
| 942 |
_2lcc _cBK _e2nd _hG155 |
||